书目信息 |
| 题名: |
法律英语
|
|
| 作者: | 郭义贵 主编 | |
| 分册: | ||
| 出版信息: | 北京 北京大学出版社 2004 |
|
| 页数: | 278页 | |
| 开本: | 23cm | |
| 丛书名: | ||
| 单 册: | ||
| 中图分类: | H31 | |
| 科图分类: | ||
| 主题词: | 法律--英语--高等学校--教材 , 法律 | |
| 电子资源: | ||
| ISBN: | 7-301-07390-9 | |
| 000 | 00775nam0 2200241 450 | |
| 001 | 012007407282 | |
| 005 | 20070727141232.71 | |
| 010 | @a7-301-07390-9@dCNY24.00 | |
| 100 | @a20070509d2004 km y0chiy0120 ea | |
| 101 | 0 | @achi@aeng |
| 102 | @aCN@b110000 | |
| 105 | @ay z 000yy | |
| 200 | 1 | @a法律英语@Afa lu ying yu@f郭义贵主编@Fguo yi gui zhu bian |
| 210 | @a北京@c北京大学出版社@d2004 | |
| 215 | @a278页@d23cm | |
| 300 | @a21世纪法学系列教材 | |
| 330 | @a该教材共设20课,40篇原文(含课文和补充读物),内容涉及英美的宪法、法理学、法律沿革、法律职业、公司法、土地法、契约法、婚姻与家庭法等。 | |
| 606 | 0 | @a法律@x英语@x高等学校@j教材 |
| 606 | 0 | @a法律 |
| 690 | @aH31@v4 | |
| 701 | 0 | @a郭义贵@Aguo yi gui@4主编 |
| 801 | 0 | @aCN@bRULIN@c20070727 |
| 905 | @dH31@e1018@s8 | |
| 法律英语/郭义贵主编.-北京:北京大学出版社,2004 |
| 278页;23cm |
| 21世纪法学系列教材 |
| ISBN 7-301-07390-9:CNY24.00 |
| 该教材共设20课,40篇原文(含课文和补充读物),内容涉及英美的宪法、法理学、法律沿革、法律职业、公司法、土地法、契约法、婚姻与家庭法等。 |
| ● |
| 相关链接 |
|
|
|
|
正题名:法律英语
索取号:H31/1018
 
预约/预借
| 序号 | 登录号 | 条形码 | 馆藏地/架位号 | 状态 | 备注 |
| 1 | 0578475 | 205784757 | 第二样本阅览室/ [索取号:H31/1018] | 在馆 | |
| 2 | 0578476 | 205784766 | 第四借阅区/ [索取号:H31/1018] | 在馆 | |
| 3 | 0578477 | 205784775 | 第四借阅区/ [索取号:H31/1018] | 在馆 | |
| 4 | 0578478 | 205784784 | 第四借阅区/ [索取号:H31/1018] | 在馆 | |
| 5 | 0578479 | 205784793 | 第四借阅区/ [索取号:H31/1018] | 在馆 | |
| 6 | 0578480 | 205784800 | 第四借阅区/ [索取号:H31/1018] | 在馆 | |
| 7 | 0578481 | 205784819 | 第四借阅区/ [索取号:H31/1018] | 在馆 | |
| 8 | 0578482 | 205784828 | 第四借阅区/ [索取号:H31/1018] | 在馆 | |
| 9 | 0775610 | 207756105 | 密集书库/ [索取号:H31/1018] | 在馆 | |
| 10 | 0775611 | 207756114 | 密集书库/ [索取号:H31/1018] | 在馆 | |
| 11 | 0777998 | 207779983 | 密集书库/ [索取号:H31/1018] | 在馆 | |
| 12 | 0778251 | 207782513 | 密集书库/ [索取号:H31/1018] | 在馆 | |
| 13 | 0778756 | 207787563 | 密集书库/ [索取号:H31/1018] | 在馆 | |
| 14 | 0778847 | 207788474 | 密集书库/ [索取号:H31/1018] | 在馆 | |
| 15 | 0787880 | 207878803 | 密集书库/ [索取号:H31/1018] | 在馆 | |
| 16 | 0788630 | 207886304 | 密集书库/ [索取号:H31/1018] | 在馆 |